00932cam a22002291 4500001001300000003000400013005001700017008004100034010001700075035001900092040005800111042001200169050001700181110007300198245014400271260006300415300001800478500009500496650005400591650004000645999001700685e 33000073 DLC20260227111223.0820128s1932 nyu s000 0 eng c ae 33000073  a(OCoLC)8101320 aLibrary, U.S. Office of EducationcVidVidOCoLCdDLC apremarc00aZ5814.O8bN62 aUniversity of the State of New York.bEducational research division.10aBibliography of objective tests in the vocational subject,cprepared by Educational Research Division. New York State Education Department. aAlbany,bUniversity of the State of New York Press,c1932. a24 p.c23 cm. aAt head of title: The University of the State of New York. The State Education Department. 0aEducational tests and measurementsvBibliography. 0aVocational educationvBibliography. c21293d21293